| 000 | 00378pab a2200145 454500 | ||
|---|---|---|---|
| 008 | 180718b1991 xxu||||| |||| 00| 0 eng d | ||
| 100 | _aLee, Robert D., Jr. | ||
| 245 | _aDevelopments in state budgeting trends of two decades | ||
| 260 | _c1991 | ||
| 300 | _a254-62 | ||
| 362 | _aMay-Jun. | ||
| 650 | _aBudget - U.S.A. | ||
| 773 | _aPublic Administration Review | ||
| 909 | _a4852 | ||
| 999 |
_c4852 _d4852 |
||